[Event "Titled Tuesday intern op 27th Oct"]
[Site "Chess.com INT"]
[Date "2020.10.27"]
[Round "8"]
[White "Diaz Rosas, Julio Cesar"]
[Black "Costa, Paulo Cesar"]
[Result "0-1"]
[WhiteElo "2367"]
[BlackElo "1974"]
[PlyCount "56"]
[EventDate "2020.10.27"]
[EventType "swiss (blitz)"]
[EventRounds "11"]
[EventCountry "USA"]
[SourceTitle "CBM 199 Extra"]
[Source "ChessBase"]
[SourceDate "2021.01.31"]
[SourceVersion "1"]
[SourceVersionDate "2021.01.31"]
[SourceQuality "1"]

1. e4 e6 2. d4 d5 3. Nc3 Nf6 4. e5 Nfd7 5. f4 c5 6. Nf3 Nc6 7. Be3 cxd4 8. Nxd4 Bc5 9. Qd2 0-0 10. 0-0-0 a6 11. Qf2 Bxd4 12. Bxd4 b5 13. Ne2 f6 14. exf6 Nxd4 15. Nxd4 Qxf6 16. Qe3 e5 17. fxe5 Nxe5 18. Be2 Bg4 19. Rhf1 Qd6 20. Rxf8+ Rxf8 21. h3 Nc4 22. Qg5 Bxe2 23. Nxe2 Rf2 24. Nc3 Qb4 25. Qxd5+ Rf7 26. Qd8+ Rf8 27. Qd5+ Kh8 28. b3 Qa3+ 0-1

[Event "Titled Tuesday intern op 20th Oct"]
[Site "Chess.com INT"]
[Date "2020.10.20"]
[Round "2"]
[White "Costa, Paulo Cesar"]
[Black "Piesik, Piotr"]
[Result "0-1"]
[WhiteElo "1974"]
[BlackElo "2396"]
[PlyCount "110"]
[EventDate "2020.10.20"]
[EventType "swiss (blitz)"]
[EventRounds "11"]
[EventCountry "USA"]
[SourceTitle "EXT 2022"]
[Source "ChessBase"]
[SourceDate "2021.10.06"]
[SourceVersion "1"]
[SourceVersionDate "2021.10.06"]
[SourceQuality "1"]

1. Nf3 g6 2. d4 Bg7 3. e3 d6 4. Be2 Nd7 5. b3 e5 6. Bb2 Ngf6 7. dxe5 Ng4 8. 0-0 0-0 9. Nbd2 Ngxe5 10. Nxe5 Nxe5 11. Qc1 a5 12. Nf3 a4 13. Nxe5 dxe5 14. Bb5 c6 15. Be2 Bf5 16. Bc3 Qb6 17. Rd1 Qc5 18. Qd2 Rfe8 19. Rac1 Bf6 20. Bb4 Qb6 21. Qe1 axb3 22. axb3 Ra2 23. Bd3 Bxd3 24. Rxd3 Rd8 25. Rxd8+ Qxd8 26. Qd2 Qxd2 27. Bxd2 e4 28. Kf1 Bb2 29. Rb1 Ba3 30. Bc1 Bb4 31. Bb2 f5 32. Ke2 Kf7 33. Kd1 Ke6 34. c3 Bd6 35. g3 g5 36. Kc2 f4 37. exf4 gxf4 38. Ra1 Rxa1 39. Bxa1 Kf5 40. Kd1 f3 41. Kd2 Bc5 42. Ke1 b5 43. c4 bxc4 44. bxc4 Kg4 45. h4 e3 46. fxe3 Kxg3 47. Bd4 Bxd4 48. exd4 Kg2 49. d5 f2+ 50. Kd2 cxd5 51. cxd5 f1Q 52. d6 Qf4+ 53. Kd3 Qxd6+ 54. Kc4 Kf3 55. h5 Ke4 0-1

[Event "Titled Tuesday intern op 20th Oct"]
[Site "Chess.com INT"]
[Date "2020.10.20"]
[Round "11"]
[White "Costa, Paulo Cesar"]
[Black "Sumaneev, Dmitry"]
[Result "1/2-1/2"]
[WhiteElo "1974"]
[BlackElo "2450"]
[PlyCount "29"]
[EventDate "2020.10.20"]
[EventType "swiss (blitz)"]
[EventRounds "11"]
[EventCountry "USA"]
[SourceTitle "EXT 2022"]
[Source "ChessBase"]
[SourceDate "2021.10.06"]
[SourceVersion "1"]
[SourceVersionDate "2021.10.06"]
[SourceQuality "1"]

1. Nf3 Nf6 2. c4 c5 3. g3 b6 4. Bg2 Bb7 5. 0-0 d6 6. Nc3 Nbd7 7. d4 e6 8. b3 a6 9. Bb2 Be7 10. d5 e5 11. Nh4 0-0 12. Nf5 Bc8 13. Qd2 Nb8 14. Qg5 Bxf5 15. Qxf5 1/2-1/2

[Event "Titled Tuesday intern op 20th Oct"]
[Site "Chess.com INT"]
[Date "2020.10.20"]
[Round "1"]
[White "Iskusnyh, Sergei"]
[Black "Costa, Paulo Cesar"]
[Result "0-1"]
[WhiteElo "2473"]
[BlackElo "1974"]
[PlyCount "116"]
[EventDate "2020.10.20"]
[EventType "swiss (blitz)"]
[EventRounds "11"]
[EventCountry "USA"]
[SourceTitle "EXT 2022"]
[Source "ChessBase"]
[SourceDate "2021.10.06"]
[SourceVersion "1"]
[SourceVersionDate "2021.10.06"]
[SourceQuality "1"]

1. d4 d5 2. c4 c6 3. Nf3 e6 4. b3 Nf6 5. e3 Bb4+ 6. Nbd2 Ne4 7. Bd3 f5 8. 0-0 Nxd2 9. Bxd2 Bxd2 10. Qxd2 0-0 11. b4 dxc4 12. Bxc4 Qd6 13. Qb2 Nd7 14. Rfd1 Nb6 15. Be2 Nd5 16. b5 cxb5 17. Bxb5 a6 18. Be2 b5 19. Rac1 Bb7 20. Rc5 Nb6 21. Qb4 Rad8 22. Qa5 Bxf3 23. Bxf3 Nc4 24. Qc7 f4 25. Qxd6 Rxd6 26. e4 Rfd8 27. d5 Kf7 28. h4 exd5 29. exd5 Kf6 30. Rd4 Kf5 31. Rc7 R8d7 32. Rxd7 Rxd7 33. g4+ fxg3 34. fxg3 Rd6 35. Rf4+ Kg6 36. h5+ Kg5 37. Rf7 g6 38. Rxh7 gxh5 39. Rxh5+ Kg6 40. Rh8 Nd2 41. Bg2 Nc4 42. Kf2 Kg7 43. Ra8 a5 44. Ra7+ Kf6 45. Bf3 Ke5 46. Re7+ Kd4 47. Re4+ Kc5 48. Re1 Nd2 49. Bg2 Nc4 50. g4 a4 51. Kg3 Rg6 52. Kf4 b4 53. Kf5 Rg8 54. g5 b3 55. axb3 axb3 56. g6 b2 57. Kf6 Na3 58. g7 Rxg7 0-1

[Event "Titled Tuesday intern op 13th Oct"]
[Site "Chess.com INT"]
[Date "2020.10.13"]
[Round "3"]
[White "Cramling Bellon, Anna"]
[Black "Costa, Paulo Cesar"]
[Result "1/2-1/2"]
[WhiteElo "2035"]
[BlackElo "1974"]
[PlyCount "38"]
[EventDate "2020.10.13"]
[EventType "swiss (blitz)"]
[EventRounds "10"]
[EventCountry "USA"]
[SourceTitle "CBM 198 Extra"]
[Source "ChessBase"]
[SourceDate "2020.11.30"]
[SourceVersion "1"]
[SourceVersionDate "2020.11.30"]
[SourceQuality "1"]

1. d4 d5 2. c4 c6 3. Nf3 e6 4. e3 f6 5. Nc3 f5 6. Bd3 Nf6 7. Qc2 Ne4 8. h3 Bd6 9. g4 0-0 10. cxd5 cxd5 11. gxf5 Nxc3 12. Qxc3 exf5 13. Bd2 Nc6 14. Qb3 Be6 15. 0-0-0 Qb6 16. Qxb6 axb6 17. Kb1 Nb4 18. Bxb4 Bxb4 19. Rc1 Rac8 1/2-1/2

[Event "Speed Chess Super Swiss"]
[Site "Chess.com INT"]
[Date "2020.10.03"]
[Round "9"]
[White "Awoki, Daniel Teidi"]
[Black "Costa, Paulo Cesar"]
[Result "0-1"]
[WhiteElo "2152"]
[BlackElo "1974"]
[PlyCount "108"]
[EventDate "2020.10.03"]
[EventType "swiss (blitz)"]
[EventRounds "15"]
[EventCountry "USA"]
[SourceTitle "CBM 198 Extra"]
[Source "ChessBase"]
[SourceDate "2020.11.30"]
[SourceVersion "1"]
[SourceVersionDate "2020.11.30"]
[SourceQuality "1"]

1. e4 e6 2. d4 d5 3. Nd2 Nf6 4. e5 Nfd7 5. Bd3 c5 6. c3 Nc6 7. Ne2 Qb6 8. 0-0 cxd4 9. cxd4 Nxd4 10. Nxd4 Qxd4 11. Nf3 Qb6 12. Qa4 Be7 13. Bd2 0-0 14. Rac1 Nc5 15. Qd4 Nxd3 16. Qxd3 Qxb2 17. Rc7 Qa3 18. Qd4 Bd8 19. Rc2 Bb6 20. Qg4 f5 21. exf6 Rxf6 22. Ne5 Qd6 23. Bf4 Bd7 24. Rfc1 Raf8 25. Bg3 Be8 26. Rc8 Rxf2 27. Bxf2 Bxf2+ 28. Kh1 Qxe5 29. Rf1 Bd4 30. Rfc1 Qf6 31. h3 Be5 32. Qe2 Bg3 33. R8c2 Bd6 34. Rc8 Qf4 35. g3 Qxg3 36. Qxe6+ Kh8 37. Qe2 Qe5 38. Qxe5 Bxe5 39. Re1 Kg8 40. Rxe5 Kf7 41. Rc7+ Kg8 42. Rc8 Kf7 43. Rf5+ Kg8 44. Rxf8+ Kxf8 45. Rc7 h6 46. Rxb7 d4 47. Rxa7 d3 48. Ra6 d2 49. Rd6 d1Q+ 50. Rxd1 h5 51. Rf1+ Bf7 52. Rg1 g6 53. Kh2 Kg7 54. Rf1 Kh6 0-1

[Event "Speed Chess Super Swiss"]
[Site "Chess.com INT"]
[Date "2020.10.03"]
[Round "2"]
[White "Costa, Paulo Cesar"]
[Black "Leiva Rodriguez, Jeammarco Giuseppe"]
[Result "0-1"]
[WhiteElo "1974"]
[BlackElo "2391"]
[PlyCount "82"]
[EventDate "2020.10.03"]
[EventType "swiss (blitz)"]
[EventRounds "15"]
[EventCountry "USA"]
[SourceTitle "CBM 198 Extra"]
[Source "ChessBase"]
[SourceDate "2020.11.30"]
[SourceVersion "1"]
[SourceVersionDate "2020.11.30"]
[SourceQuality "1"]

1. Nf3 Nf6 2. c4 b6 3. g3 Bb7 4. Bg2 c5 5. 0-0 g6 6. Nc3 Bg7 7. d4 cxd4 8. Qxd4 d6 9. Qh4 h6 10. Rd1 Nbd7 11. Qd4 Rc8 12. b3 0-0 13. Bb2 a6 14. Rac1 b5 15. cxb5 Ne4 16. Qe3 axb5 17. Ba1 Nxc3 18. Bxc3 Bxc3 19. Rxc3 Rxc3 20. Qxc3 Qa8 21. a4 bxa4 22. Ra1 Nc5 23. bxa4 Be4 24. Qe3 Kg7 25. a5 Rb8 26. Ne1 Bxg2 27. Nxg2 e5 28. f4 Rb3 29. Qd2 Qc6 30. fxe5 dxe5 31. Rc1 Rb5 32. Ne3 Qa6 33. Nc4 Ne6 34. Qc3 Rc5 35. Qb4 Qc6 36. a6 Qxa6 37. Rc2 Qa7 38. Kg2 Qa8+ 39. Kg1 Qe4 40. Qc3 Ng5 41. Qd3 Nh3+ 0-1

[Event "Speed Chess Super Swiss"]
[Site "Chess.com INT"]
[Date "2020.10.03"]
[Round "11"]
[White "Fajdetic, Hrvoje"]
[Black "Costa, Paulo Cesar"]
[Result "1/2-1/2"]
[WhiteElo "2151"]
[BlackElo "1974"]
[PlyCount "31"]
[EventDate "2020.10.03"]
[EventType "swiss (blitz)"]
[EventRounds "15"]
[EventCountry "USA"]
[SourceTitle "CBM 198 Extra"]
[Source "ChessBase"]
[SourceDate "2020.11.30"]
[SourceVersion "1"]
[SourceVersionDate "2020.11.30"]
[SourceQuality "1"]

1. d4 d5 2. Bf4 e6 3. e3 Bd6 4. Bg3 Nf6 5. Nf3 c5 6. c3 Qc7 7. Nbd2 Nbd7 8. Bb5 b6 9. Ne5 0-0 10. f4 a6 11. Bd3 a5 12. Qe2 Qa7 13. Nc6 Qc7 14. Ne5 Qa7 15. Nc6 Qc7 16. Ne5 1/2-1/2

[Event "Titled Tuesday intern op 29th Sept"]
[Site "Chess.com INT"]
[Date "2020.09.29"]
[Round "7"]
[White "Costa, Paulo Cesar"]
[Black "Perez Gormaz, Matias Ariel"]
[Result "0-1"]
[WhiteElo "1974"]
[BlackElo "2413"]
[PlyCount "88"]
[EventDate "2020.09.29"]
[EventType "swiss (blitz)"]
[EventRounds "10"]
[EventCountry "USA"]
[SourceTitle "CBM 198 Extra"]
[Source "ChessBase"]
[SourceDate "2020.11.30"]
[SourceVersion "1"]
[SourceVersionDate "2020.11.30"]
[SourceQuality "1"]

1. Nf3 Nf6 2. c4 e6 3. d4 d5 4. Nc3 Bb4 5. e3 0-0 6. a3 Bxc3+ 7. bxc3 c6 8. Bd3 b6 9. 0-0 Ba6 10. cxd5 cxd5 11. Qe2 Bxd3 12. Qxd3 Qc7 13. Ne5 Rc8 14. Bd2 Nc6 15. Nxc6 Qxc6 16. Rfc1 Qc4 17. Qxc4 Rxc4 18. f3 Ra4 19. Kf2 Ne8 20. Rcb1 Nd6 21. Rb4 Rxb4 22. axb4 a5 23. bxa5 bxa5 24. Ra4 Nc4 25. Ke2 Nb6 26. Ra1 a4 27. Bc1 Nc4 28. e4 Kf8 29. Kd3 Ke7 30. Ba3+ Kd7 31. Bb4 Kc6 32. Ra2 Kb5 33. Ba3 h5 34. h3 g5 35. Ra1 Kc6 36. Ra2 f5 37. e5 Rg8 38. Bc5 Kb5 39. Ra1 g4 40. Rb1+ Kc6 41. hxg4 hxg4 42. Ra1 gxf3 43. gxf3 Rg2 44. Rd1 f4 0-1

[Event "Titled Tuesday intern op 29th Sept"]
[Site "Chess.com INT"]
[Date "2020.09.29"]
[Round "2"]
[White "Grieve, Harry"]
[Black "Costa, Paulo Cesar"]
[Result "1/2-1/2"]
[WhiteElo "2356"]
[BlackElo "1974"]
[PlyCount "127"]
[EventDate "2020.09.29"]
[EventType "swiss (blitz)"]
[EventRounds "10"]
[EventCountry "USA"]
[SourceTitle "CBM 198 Extra"]
[Source "ChessBase"]
[SourceDate "2020.11.30"]
[SourceVersion "1"]
[SourceVersionDate "2020.11.30"]
[SourceQuality "1"]

1. e4 e6 2. d4 d5 3. Nd2 Nf6 4. e5 Nfd7 5. Bd3 c5 6. c3 Nc6 7. Ne2 Qb6 8. Nf3 cxd4 9. cxd4 f6 10. exf6 Nxf6 11. 0-0 Bd6 12. Nc3 0-0 13. h3 Bd7 14. Na4 Qc7 15. Re1 Rae8 16. Bg5 e5 17. dxe5 Nxe5 18. Nxe5 Bxe5 19. Qb3 Bc6 20. Nc5 Qb6 21. Qxb6 axb6 22. Nb3 Bxb2 23. Rab1 Bc3 24. Rec1 d4 25. Bd2 Be4 26. Bxe4 Nxe4 27. Bxc3 Nxc3 28. Nxd4 Nxb1 29. Rxb1 Re4 30. Nf3 Ra8 31. Rxb6 Ra7 32. Rd6 Rxa2 33. Rd8+ Kf7 34. Ng5+ Ke7 35. Rg8 Re1+ 36. Kh2 Kf6 37. Nxh7+ Kf7 38. Rb8 Re7 39. Ng5+ Kg6 40. Nf3 Rxf2 41. Kg3 Rb2 42. Kf4 b5 43. Ne5+ Rxe5 44. Kxe5 Rxg2 45. Rb6+ Kh7 46. Kf4 Rh2 47. Rxb5 Rxh3 48. Kg4 Rc3 49. Rb6 Rc7 50. Rb5 Ra7 51. Rb6 Ra5 52. Kh4 g6 53. Kg4 Kh6 54. Kh4 Ra4+ 55. Kh3 Kg5 56. Rb5+ Kh6 57. Rc5 Kh7 58. Rc6 Ra3+ 59. Kh4 Ra4+ 60. Kg5 Ra5+ 61. Kg4 Ra4+ 62. Kg5 Ra5+ 63. Kg4 Ra4+ 64. Kg5 1/2-1/2

[Event "Titled Tuesday intern op 22nd Sept"]
[Site "Chess.com INT"]
[Date "2020.09.22"]
[Round "7"]
[White "Costa, Paulo Cesar"]
[Black "Csonka, Balazs"]
[Result "1/2-1/2"]
[WhiteElo "1974"]
[BlackElo "2498"]
[PlyCount "45"]
[EventDate "2020.09.22"]
[EventType "swiss (blitz)"]
[EventRounds "10"]
[EventCountry "USA"]
[SourceTitle "CBM 198 Extra"]
[Source "ChessBase"]
[SourceDate "2020.11.30"]
[SourceVersion "1"]
[SourceVersionDate "2020.11.30"]
[SourceQuality "1"]

1. Nf3 Nf6 2. c4 e6 3. d4 d5 4. Nc3 c6 5. e3 Nbd7 6. Bd3 dxc4 7. Bxc4 b5 8. Bd3 Bb7 9. 0-0 a6 10. Qe2 c5 11. Rd1 Qc7 12. h3 Be7 13. Bd2 0-0 14. Rac1 c4 15. Bc2 e5 16. e4 exd4 17. Nxd4 Bc5 18. Be3 Rfe8 19. Qf3 Rac8 20. Nf5 Ne5 21. Qg3 Nh5 22. Qh4 Bxe3 23. fxe3 1/2-1/2

[Event "Titled Tuesday intern op 22nd Sept"]
[Site "Chess.com INT"]
[Date "2020.09.22"]
[Round "3"]
[White "Costa, Paulo Cesar"]
[Black "Kim, Sergey2222"]
[Result "1/2-1/2"]
[WhiteElo "1974"]
[BlackElo "2295"]
[PlyCount "73"]
[EventDate "2020.09.22"]
[EventType "swiss (blitz)"]
[EventRounds "10"]
[EventCountry "USA"]
[SourceTitle "CBM 198 Extra"]
[Source "ChessBase"]
[SourceDate "2020.11.30"]
[SourceVersion "1"]
[SourceVersionDate "2020.11.30"]
[SourceQuality "1"]

1. Nf3 Nf6 2. c4 g6 3. g3 Bg7 4. Bg2 d6 5. d4 Kf8 6. Nc3 Kg8 7. 0-0 Nbd7 8. b3 h5 9. h4 Ng4 10. Bb2 c6 11. Rc1 Kh7 12. Qd2 Rf8 13. d5 Ndf6 14. dxc6 bxc6 15. Nd4 Bb7 16. Nxc6 Qd7 17. Nd4 Bxg2 18. Kxg2 a6 19. Nf3 Qb7 20. Rcd1 Rfd8 21. Nd5 Kg8 22. Nxf6+ Nxf6 23. Bxf6 Bxf6 24. Qd5 Qxd5 25. Rxd5 a5 26. Rd3 Rdc8 27. Rb1 a4 28. Nd4 Bxd4 29. Rxd4 Rab8 30. e3 Rb4 31. Re4 Kf8 32. Kf3 Rc5 33. Ke2 f6 34. Rd4 Kf7 35. f4 Ke6 36. Kd3 Kf5 37. Ke2 1/2-1/2

[Event "Titled Tuesday intern op 22nd Sept"]
[Site "Chess.com INT"]
[Date "2020.09.22"]
[Round "1"]
[White "Dhulipalla, Bala Chandra Prasad"]
[Black "Costa, Paulo Cesar"]
[Result "1-0"]
[WhiteElo "2441"]
[BlackElo "1974"]
[PlyCount "75"]
[EventDate "2020.09.22"]
[EventType "swiss (blitz)"]
[EventRounds "10"]
[EventCountry "USA"]
[SourceTitle "CBM 198 Extra"]
[Source "ChessBase"]
[SourceDate "2020.11.30"]
[SourceVersion "1"]
[SourceVersionDate "2020.11.30"]
[SourceQuality "1"]

1. d4 d5 2. Bf4 e6 3. e3 Bd6 4. Nf3 Nf6 5. Nbd2 c5 6. dxc5 Bxc5 7. Bd3 0-0 8. 0-0 Bd6 9. Bg5 h6 10. Bh4 Nc6 11. c4 dxc4 12. Nxc4 Be7 13. a3 b6 14. Rc1 Bb7 15. Qe2 Rc8 16. Rfd1 Qc7 17. Bg3 e5 18. Nfxe5 Nxe5 19. Bxe5 Qc6 20. Qf1 Rfd8 21. Nd6 Qxg2+ 22. Qxg2 Bxg2 23. Nxc8 Bc5 24. Bxf6 gxf6 25. Kxg2 Rxc8 26. b4 Re8 27. bxc5 Kg7 28. c6 Rc8 29. c7 a5 30. Bf5 Ra8 31. c8Q Rxc8 32. Rxc8 b5 33. Rd7 a4 34. e4 b4 35. Rcc7 h5 36. Rxf7+ Kh6 37. h4 bxa3 38. Rh7# 1-0

[Event "Titled Tuesday intern op 22nd Sept"]
[Site "Chess.com INT"]
[Date "2020.09.22"]
[Round "5"]
[White "Filippova, Margarita"]
[Black "Costa, Paulo Cesar"]
[Result "0-1"]
[WhiteElo "1931"]
[BlackElo "1974"]
[PlyCount "102"]
[EventDate "2020.09.22"]
[EventType "swiss (blitz)"]
[EventRounds "10"]
[EventCountry "USA"]
[SourceTitle "CBM 198 Extra"]
[Source "ChessBase"]
[SourceDate "2020.11.30"]
[SourceVersion "1"]
[SourceVersionDate "2020.11.30"]
[SourceQuality "1"]

1. Nf3 d5 2. d4 c6 3. Bf4 Nf6 4. c4 e6 5. Nc3 Bd6 6. Bg3 0-0 7. e3 Bxg3 8. hxg3 Nbd7 9. Bd3 dxc4 10. Bxc4 c5 11. Qe2 cxd4 12. exd4 Nb6 13. Bd3 Nbd5 14. g4 h6 15. g5 Nf4 16. Qd2 hxg5 17. Nxg5 e5 18. 0-0-0 Qxd4 19. Bb1 Qxd2+ 20. Rxd2 Re8 21. Nh7 N4h5 22. Ng5 Bg4 23. Bc2 Rac8 24. Bb3 Rc7 25. Rh4 Nf4 26. f3 Bf5 27. g4 Bg6 28. Rdh2 Kf8 29. Bc2 Bxc2 30. Kxc2 Ke7 31. Rd2 N4d5 32. Re2 Nxc3 33. bxc3 Rec8 34. Rxe5+ Kd8 35. Re3 Nd5 36. Rd3 Rxc3+ 37. Rxc3 Rxc3+ 38. Kb2 Rc5 39. Ne4 Rb5+ 40. Kc1 Nf4 41. Rh8+ Ke7 42. Rg8 Nd3+ 43. Kd2 Nc5 44. Rxg7 Nxe4+ 45. fxe4 Rb2+ 46. Kc3 Rxa2 47. g5 Ra3+ 48. Kb2 Rg3 49. Rg8 Rg2+ 50. Kc3 Rg3+ 51. Kd4 Rg4 0-1

[Event "Titled Tuesday intern op 22nd Sept"]
[Site "Chess.com INT"]
[Date "2020.09.22"]
[Round "4"]
[White "Labussiere, Victor"]
[Black "Costa, Paulo Cesar"]
[Result "1-0"]
[WhiteElo "2332"]
[BlackElo "1974"]
[PlyCount "85"]
[EventDate "2020.09.22"]
[EventType "swiss (blitz)"]
[EventRounds "10"]
[EventCountry "USA"]
[SourceTitle "CBM 198 Extra"]
[Source "ChessBase"]
[SourceDate "2020.11.30"]
[SourceVersion "1"]
[SourceVersionDate "2020.11.30"]
[SourceQuality "1"]

1. e4 e6 2. d4 d5 3. Nd2 Nf6 4. e5 Nfd7 5. Ngf3 c5 6. c3 Nc6 7. Bd3 Qb6 8. 0-0 cxd4 9. cxd4 Nxd4 10. Nxd4 Qxd4 11. Nf3 Qb6 12. a3 Be7 13. Be3 Bc5 14. Bxc5 Nxc5 15. Bc2 Qxb2 16. Qd2 Qb5 17. Nd4 Qd7 18. Rfe1 0-0 19. Re3 b6 20. a4 Ba6 21. Rh3 h6 22. Raa3 f5 23. exf6 Rxf6 24. Rae3 Raf8 25. f3 Qf7 26. Rg3 Qc7 27. Qe1 Qf7 28. Qd2 Qc7 29. Qe1 Qf7 30. Bb1 Bc4 31. Qd2 Rf4 32. Qc2 Ne4 33. Rh3 e5 34. Nb5 Qe7 35. Kh1 Bxb5 36. axb5 Nf6 37. Rh4 Rc4 38. Qd1 Qc5 39. Re1 d4 40. f4 e4 41. f5 d3 42. Rf4 Rc8 43. Bxd3 1-0

[Event "Titled Tuesday intern op 15th Sept"]
[Site "Chess.com INT"]
[Date "2020.09.15"]
[Round "2"]
[White "Costa, Paulo Cesar"]
[Black "Agibileg, Uurtsaikh"]
[Result "0-1"]
[WhiteElo "1974"]
[BlackElo "2413"]
[PlyCount "134"]
[EventDate "2020.09.15"]
[EventType "swiss (blitz)"]
[EventRounds "10"]
[EventCountry "USA"]
[SourceTitle "CBM 198 Extra"]
[Source "ChessBase"]
[SourceDate "2020.11.30"]
[SourceVersion "1"]
[SourceVersionDate "2020.11.30"]
[SourceQuality "1"]

1. Nf3 Nf6 2. c4 g6 3. g3 Bg7 4. Bg2 0-0 5. 0-0 d6 6. d4 Nbd7 7. Nc3 e5 8. e4 c6 9. Qc2 exd4 10. Nxd4 Ng4 11. Rd1 Qe7 12. b3 Nc5 13. h3 Ne5 14. f4 Ned7 15. b4 Ne6 16. Be3 Nb6 17. Qd3 Nxd4 18. Bxd4 Be6 19. Bxg7 Kxg7 20. Qd4+ Qf6 21. Bf1 Rfd8 22. Qxf6+ Kxf6 23. Rxd6 Rxd6 24. e5+ Kf5 25. exd6 Nxc4 26. Rd1 Rd8 27. g4+ Kxf4 28. Bxc4 Bxc4 29. Rd4+ Ke3 30. Rxc4 Kd3 31. Rc5 Rxd6 32. Na4 Rd4 33. a3 Re4 34. Ra5 Re1+ 35. Kf2 Re2+ 36. Kf1 Rh2 37. Nc5+ Kc4 38. Rxa7 b6 39. Ne4 Rxh3 40. Nf2 Rf3 41. Ke2 Rf4 42. Rc7 Kb5 43. a4+ Kxa4 44. Rxc6 Kb5 45. Rd6 Rxb4 46. Rd7 Rf4 47. Rd5+ Kc6 48. Rd8 b5 49. Rc8+ Kd5 50. Rd8+ Kc4 51. Rc8+ Kd4 52. Rd8+ Kc3 53. Rc8+ Rc4 54. Nd1+ Kb3 55. Rb8 b4 56. Kd2 Rxg4 57. Rb7 Rf4 58. Rc7 h5 59. Rd7 h4 60. Rd3+ Kc4 61. Ne3+ Kc5 62. Rd5+ Kc6 63. Rd3 g5 64. Rb3 h3 65. Ke2 h2 66. Rb1 g4 67. Rh1 g3 0-1

[Event "Titled Tuesday intern op 01st Sept"]
[Site "Chess.com INT"]
[Date "2020.09.01"]
[Round "5"]
[White "Dobre, Claudiu Cristian"]
[Black "Costa, Paulo Cesar"]
[Result "1-0"]
[WhiteElo "2314"]
[BlackElo "1974"]
[PlyCount "75"]
[EventDate "2020.09.01"]
[EventType "swiss (blitz)"]
[EventRounds "10"]
[EventCountry "USA"]
[SourceTitle "CBM 198 Extra"]
[Source "ChessBase"]
[SourceDate "2020.11.30"]
[SourceVersion "1"]
[SourceVersionDate "2020.11.30"]
[SourceQuality "1"]

1. c4 c5 2. Nf3 Nc6 3. d4 cxd4 4. Nxd4 Nf6 5. Nc3 g6 6. e4 d6 7. Be2 Bg7 8. Be3 0-0 9. Qd2 Bd7 10. 0-0 Nxd4 11. Bxd4 Bc6 12. f3 Nd7 13. Be3 a5 14. b3 Nc5 15. Rab1 Ne6 16. Rfc1 Qd7 17. Nd5 Bxd5 18. cxd5 Nd8 19. a4 e6 20. Bb5 Qe7 21. Bb6 exd5 22. exd5 Qe5 23. Bxa5 Qd4+ 24. Kf1 Qxd2 25. Bxd2 b6 26. Rc7 Rb8 27. Re1 Nb7 28. b4 Rfc8 29. Rxc8+ Rxc8 30. Re8+ Rxe8 31. Bxe8 Kf8 32. Bc6 Nd8 33. Ke2 Ke7 34. Kd3 Nxc6 35. dxc6 Kd8 36. Kc4 Kc7 37. Kb5 Be5 38. Be3 1-0

[Event "Titled Tuesday intern op 25th Aug"]
[Site "Chess.com INT"]
[Date "2020.08.25"]
[Round "9"]
[White "Costa, Paulo Cesar"]
[Black "Balla, Tamas Kristof"]
[Result "0-1"]
[WhiteElo "1974"]
[BlackElo "2356"]
[PlyCount "76"]
[EventDate "2020.08.25"]
[EventType "swiss (blitz)"]
[EventRounds "10"]
[EventCountry "USA"]
[SourceTitle "CBM 198 Extra"]
[Source "ChessBase"]
[SourceDate "2020.11.30"]
[SourceVersion "1"]
[SourceVersionDate "2020.11.30"]
[SourceQuality "1"]

1. Nf3 c5 2. c4 g6 3. g3 Bg7 4. Bg2 Nc6 5. 0-0 e6 6. Nc3 Nge7 7. b3 d5 8. cxd5 exd5 9. Bb2 d4 10. Ne4 b6 11. d3 f5 12. Neg5 h6 13. Nh3 g5 14. Nd2 0-0 15. f4 g4 16. Nf2 Nd5 17. Bxd5+ Qxd5 18. Qc2 Na5 19. Nc4 Bb7 20. Ne4 fxe4 21. dxe4 Qxe4 22. Qxe4 Bxe4 23. Nxa5 bxa5 24. Rac1 Rac8 25. Ba3 Rf5 26. Rc4 Bd5 27. Ra4 c4 28. bxc4 Rxc4 29. Rxa5 Rc2 30. Rxa7 Rxe2 31. Rf2 d3 32. Bc5 d2 33. Rxg7+ Kxg7 34. Bd4+ Kf7 35. Rxe2 d1Q+ 36. Kf2 Qxd4+ 37. Ke1 Bc4 38. Re7+ Kxe7 0-1

[Event "Titled Tuesday intern op 25th Aug"]
[Site "Chess.com INT"]
[Date "2020.08.25"]
[Round "4"]
[White "Costa, Paulo Cesar"]
[Black "Cella, Glaucio Dalla Cortt"]
[Result "1-0"]
[WhiteElo "1974"]
[BlackElo "1961"]
[PlyCount "53"]
[EventDate "2020.08.25"]
[EventType "swiss (blitz)"]
[EventRounds "10"]
[EventCountry "USA"]
[SourceTitle "CBM 198 Extra"]
[Source "ChessBase"]
[SourceDate "2020.11.30"]
[SourceVersion "1"]
[SourceVersionDate "2020.11.30"]
[SourceQuality "1"]

1. Nf3 c5 2. c4 Nf6 3. g3 Nc6 4. Bg2 g6 5. d4 cxd4 6. Nxd4 Bg7 7. 0-0 Nxd4 8. Qxd4 0-0 9. Nc3 d6 10. Qd3 Rb8 11. Be3 b6 12. Bd4 Bb7 13. Rfd1 Bxg2 14. Kxg2 Qd7 15. e4 Rbc8 16. Rac1 Ne8 17. Bxg7 Nxg7 18. f3 Ne6 19. e5 Ng5 20. exd6 Qh3+ 21. Kg1 exd6 22. f4 Ne6 23. Ne4 Nc5 24. Nf6+ Kg7 25. Qc3 Na4 26. Ne8+ Kg8 27. Qg7# 1-0

[Event "Titled Tuesday intern op 18th Aug"]
[Site "Chess.com INT"]
[Date "2020.08.18"]
[Round "4"]
[White "Costa, Paulo Cesar"]
[Black "Sihite, Chelsie Monica"]
[Result "1-0"]
[WhiteElo "1974"]
[BlackElo "2252"]
[PlyCount "61"]
[EventDate "2020.08.18"]
[EventType "swiss (blitz)"]
[EventRounds "10"]
[EventCountry "USA"]
[SourceTitle "CBM 197 Extra"]
[Source "ChessBase"]
[SourceDate "2020.09.30"]
[SourceVersion "1"]
[SourceVersionDate "2020.09.30"]
[SourceQuality "1"]

1. Nf3 Nf6 2. c4 e6 3. d4 b6 4. g3 Bb7 5. Bg2 Be7 6. 0-0 0-0 7. Nc3 d6 8. b3 Nbd7 9. Bb2 a5 10. Qd3 e5 11. dxe5 dxe5 12. Qf5 g6 13. Qc2 Qb8 14. Rad1 Bd6 15. Nb5 a4 16. Nxd6 cxd6 17. Qd2 Ne4 18. Qe3 axb3 19. axb3 Ra2 20. Nxe5 Ndc5 21. Ng4 Rxb2 22. Qd4 f6 23. Qxb2 h5 24. Ne3 Kg7 25. Nd5 Bxd5 26. Rxd5 b5 27. Bxe4 Nxe4 28. Qd4 Ng5 29. Rxg5 bxc4 30. bxc4 Kh6 31. Rd5 1-0